[Event "Moehnesee Cup-B"]
[Site "Moehnesee"]
[Date "2005.08.18"]
[Round "1"]
[White "Kuepper, Victor"]
[Black "Prior, Benjamin"]
[Result "0-1"]
[WhiteElo "1196"]
[BlackElo "1643"]
[PlyCount "72"]
[EventDate "2005.08.18"]
[EventType "swiss"]
[EventRounds "7"]
[EventCountry "GER"]
[SourceTitle "CBM 108 Extra"]
[Source "ChessBase"]
[SourceDate "2005.11.04"]
[SourceVersion "1"]
[SourceVersionDate "2005.11.04"]
[SourceQuality "1"]

1. e4 e5 2. Nf3 Nc6 3. Bb5 Bc5 4. 0-0 Nge7 5. c3 a6 6. Ba4 0-0 7. d4 exd4 8. cxd4 Bb6 9. Nc3 d5 10. Bxc6 bxc6 11. e5 Bg4 12. Be3 Nf5 13. Na4 Bxf3 14. Qxf3 Nxd4 15. Qg4 Ne6 16. Bh6 Kh8 17. Nxb6 cxb6 18. Be3 c5 19. Rfd1 d4 20. Rac1 Qe7 21. Bf4 Nxf4 22. Qxf4 Rac8 23. b3 Rfe8 24. Re1 f6 25. e6 Rc6 26. Qf3 Rxe6 27. Rf1 Re1 28. Rcxe1 Qxe1 29. h3 Qe4 30. Qg3 d3 31. Qc7 Qe6 32. Qa7 a5 33. Qa6 Qd6 34. Qc4 d2 35. Qg4 Qd4 36. Qf3 Qe4 0-1